00712nam a2200193Ia 4500008004100000020001400041082001600055100006400071245008100135250000700216260004500223300003100268500001900299600002100318650005000339942000700389952010700396999001500503240925s9999 xx 000 0 und d a135707978 a005.756 POD aPodcameni, Silvio ; Mittelmeier, Manfred; Chilanti, Michele 0aDistributed Relational Database: cross-platform connectivity and application aNA aNew Jersey:bPrintice- Hall Int.c,1996. axxxiii,894p.bNAfOriginal aIncludes Index aComputer Science aComputer science, information & general works cBK 001040708CSaUITUbUITUd2000-07-28eNAl0o005.756 PODpQ2617r2024-09-25 07:12:52w2024-09-25yBK c5116d5116